日本に存在する競輪場 - Statistics

General Stats
  • This quiz has been taken 121 times
  • The average score is 25 of 43
Answer Stats
Answer % Correct
いわき平競輪場
77%
高松競輪場
76%
函館競輪場
72%
宇都宮競輪場
72%
川崎競輪場
72%
高知競輪場
72%
松山競輪場
71%
前橋競輪場
70%
名古屋競輪場
70%
広島競輪場
70%
青森競輪場
68%
千葉競輪場
67%
静岡競輪場
67%
小倉競輪場
67%
熊本競輪場
67%
岐阜競輪場
66%
奈良競輪場
66%
大宮競輪場
62%
平塚競輪場
62%
小田原競輪場
62%
四日市競輪場
62%
立川競輪場
60%
和歌山競輪場
60%
佐世保競輪場
60%
富山競輪場
59%
豊橋競輪場
59%
松戸競輪場
55%
大垣競輪場
55%
岸和田競輪場
55%
別府競輪場
55%
久留米競輪場
54%
福井競輪場
52%
弥彦競輪場
51%
京王閣競輪場
51%
伊東温泉競輪場
50%
取手競輪場
48%
松阪競輪場
48%
京都向日町競輪場
44%
西武園競輪場
41%
武雄競輪場
41%
小松島競輪場
39%
玉野競輪場
38%
防府競輪場
33%
No matching quizzes found
Score Distribution
Percent of People with Each Score
Percentile by Number Answered
Your Score History
You have not taken this quiz